000
00236nam a2200097Ia 4500
008
190216s9999||||xx |||||||||||||| ||und||
100
_a
Sudakara Menon
245
0
_a
Indiayile Rathnangal
260
_b
Kerala Basha Inst
942
_c
BK
999
_c
34796
_d
34796